Statistics for Inkheart Ultimate Characters Quiz

Click here to take the quiz!

General Stats

  • This quiz has been taken 9 times
  • The average score is 11 of 51

Answer Stats

Answer% Correct
Meggie
88%
Mo
88%
Capricorn
75%
Dustfinger
75%
Basta
63%
Farid
63%
Elinor
50%
Fenoglio
50%
Black Prince
38%
Flatnose
38%
Gwen
38%
Mortola
38%
Bluejay
25%
Brianna
25%
Cockerell
25%
Darius
25%
Despina
25%
Doria
25%
Minerva
25%
Orpheus
25%
Teresa
25%
Violante
25%
Adderhead
13%
Cloud-Dancer
13%
Cosimo
13%
Firefox
13%
Ivo
13%
Jehan
13%
Jink
13%
Lazaro
13%
Pipper
13%
Pippo
13%
Rosenquartz
13%
Roxane
13%
The Laughing Prince
13%
Anselmo
0%
Balbulus
0%
Barn Owl
0%
Battista
0%
Bella
0%
Dante
0%
Death
0%
Fulvio
0%
Jacopo
0%
Nettle
0%
Paula
0%
Rico
0%
Rosanna
0%
Sootbird
0%
Sugar
0%
The Shadow
0%

Score Distribution

Percentile by Number Answered

Percent of People with Each Score

Your Score History

You have not taken this quiz